Optical fibre communications : devices, circuits, and systems /

Bibliographic Details
Other Authors: Howes, M. J., Morgan, D. V.
Format: Book
Language:English
Published: Chichester [England] ; New York : J. Wiley, [1980]
Series:Wiley series in solid state devices and circuits.
Subjects:

MARC

Tag First Indicator Second Indicator Subfields
LEADER 00000cam a22000008i 4500
001 in00000050857
005 20151007073925.0
008 790628s1980 enka b 00100 eng
010 |a  79040512  
015 |a GB79 
020 |a 0471276111 :  |c 14.00 
035 |a (OCoLC)05170281 
035 |9 AAF0628AM 
040 |a DLC  |c DLC  |d TXA  |d UtOrBLW 
049 |a TXAM  |c [1405802] 
050 0 0 |a TK5103.59  |b .O678 
082 0 |a 621.38/0414 
245 0 0 |a Optical fibre communications :  |b devices, circuits, and systems /  |c edited by M. J. Howes, D. V. Morgan. 
263 |a 8001 
264 1 |a Chichester [England] ;  |a New York :  |b J. Wiley,  |c [1980] 
264 4 |c ©1980 
300 |a xii, 304 pages :  |b illustrations ;  |c 24 cm. 
336 |a text  |b txt  |2 rdacontent 
337 |a unmediated  |b n  |2 rdamedia 
338 |a volume  |b nc  |2 rdacarrier 
490 1 |a Wiley series in solid state devices and circuits 
500 |a "A Wiley-Interscience publication." 
504 |a Includes bibliographical references and index. 
650 0 |a Optical communications. 
650 0 |a Fiber optics. 
700 1 |a Howes, M. J. 
700 1 |a Morgan, D. V. 
830 0 |a Wiley series in solid state devices and circuits. 
999 |a MARS 
999 f f |s f4174648-b524-3d6a-98da-63dc370c83d9  |i aec90de9-4bed-3121-b565-b56460a61311  |t 0 
952 f f |p ric  |a Texas A&M University  |b Rellis Campus  |c Joint Library Facility  |d Remote Storage  |t 0  |e TK5103.59 .O678  |h Library of Congress classification  |i unmediated -- volume  |m A14805481371 
998 f f |a TK5103.59 .O678  |t 0  |l Remote Storage